Loading...
| Science - Chemistry | 0 | 8 | 0 | 2 | 80 | 45 | 84.00 | 2 | 3 | 16.32 | 36.92 |
| Fine Arts - Classical Music | 0 | 8 | 1 | 0 | 75 | 14 | 70.88 | 3 | 6 | 26.10 | 49.93 |
| Mythology | 0 | 8 | 1 | 2 | 75 | 25 | 61.25 | 2 | 6 | 32.14 | 44.13 |
| Science - Physics | 0 | 4 | 0 | 0 | 40 | 52 | 83.75 | 1 | 2 | 9.31 | 24.83 |
| Science - Other | 0 | 4 | 0 | 0 | 40 | 48 | 77.50 | 0 | 3 | 10.89 | 23.50 |
| Religion | 0 | 4 | 1 | 0 | 35 | 52 | 75.25 | 1 | 3 | 11.64 | 26.22 |
| Fine Arts - Painting and Sculpture | 0 | 3 | 0 | 0 | 30 | 67 | 77.00 | 2 | 3 | 9.45 | 19.30 |
| Fine Arts - Other | 0 | 3 | 0 | 1 | 30 | 108 | 116.67 | 0 | 3 | 2.61 | 12.17 |
| Science - Biology | 0 | 3 | 1 | 0 | 25 | 25 | 50.00 | 3 | 3 | 12.36 | 21.61 |
| History - World | 0 | 2 | 0 | 0 | 20 | 41 | 52.50 | 0 | 1 | 8.98 | 11.54 |
| History - Other | 0 | 2 | 0 | 0 | 20 | 66 | 73.50 | 1 | 1 | 6.83 | 11.89 |
| Social Science | 0 | 2 | 0 | 0 | 20 | 46 | 60.00 | 1 | 1 | 6.79 | 11.54 |
| History - American | 0 | 1 | 0 | 0 | 10 | 77 | 77.00 | 0 | 0 | 2.36 | 0.77 |
| Literature - British | 0 | 1 | 0 | 0 | 10 | 122 | 122.00 | 0 | 0 | 0.84 | 4.90 |
| Philosophy | 0 | 0 | 1 | 0 | -5 | 0.00 | 0 | 0 | 0.00 | 0.00 |